000 00930nam a2200277 i 4500
003 DO-SdBNP
005 20260216074928.0
007 ta
008 260216b2025 dr ac||| |||| 00| 0 spa d
020 _a9789945295153
040 _aDO-SdBNP
_bspa
_cBNPHU
_erda
041 _aspa
082 4 _axxx
_bB639j 2025
_222
100 _aBlanchard, Juan Lulio,
_eautor
_4aut.
_943061
245 1 3 _aLa Joya del ayer :
_bbreves notas históricas y anecdóticas /
_cJuan Lulio Blanchard.
250 _asegunda edición
264 4 _aSanto Domingo :
_bImpresora Soto Castillo,
_c©2025..
300 _a371 páginas :
_bilustraciones, retratos ;
_c23 cm.
336 _atexto
_btxt
_2rdacontent
337 _asin mediación
_bn
_2rdamedia
338 _avolumen
_bnc
_2rdacarrier
500 _aIncluye datos biográficos del autor en la solapa de la cubierta.
590 _aInventariado, 2026/BT
910 _aBtavárez
942 _2ddc
_cLBS1
999 _c60317
_d60317